Polyesterové vlákna so zmenenou priečnou geometriou : Obh. 4.6.1991 /

Na minha lista:
Detalhes bibliográficos
Autor principal: Kollárová-Bajzová, Anna (Author)
Formato: Manuscrito Livro
Idioma:eslovaco
Publicado em: Bratislava : SVŠT v Bratislave ChtF, 1991
Tags: Adicionar Tag
Sem tags, seja o primeiro a adicionar uma tag!

MARC

LEADER 00000ntm a22000003a 4500
001 stu17760
005 20150617225755.0
008 910625s1991----cs------------------slo-d
040 |a STU  |b slo 
041 0 |a slo 
044 |a cs 
100 1 |a Kollárová-Bajzová, Anna  |4 aut 
245 1 |a Polyesterové vlákna so zmenenou priečnou geometriou :  |b Obh. 4.6.1991 /  |c [aut.]Kollárová-Bajzová,Anna 
260 |a Bratislava :  |b SVŠT v Bratislave ChtF,  |c 1991 
300 |a 34 s :  |b Obr.,tab.,lit 
500 |a Špec.:Chemické vlákna 
996 |b CD10862  |c C*D10862  |l CCI  |s A  |a 24  |w stu17760_0001